[Event "FIDE WYCC 2016 U14 boys"]
[Site "Khanty Mansiysk"]
[Date "2016.09.26"]
[Round "5.8"]
[White "Sam, Gabriel"]
[Black "Roseneck, Jonas"]
[Result "1-0"]
[WhiteElo "2069"]
[BlackElo "2178"]
[Annotator "Reinhold Goldau"]
[PlyCount "81"]
[EventDate "2016.09.??"]
[EventType "swiss"]
[EventRounds "11"]
[EventCountry "RUS"]
[SourceTitle "Youth Database"]
[Source "CBase R.Goldau"]
[SourceDate "2000.03.01"]

1. e4 c5 2. Nf3 Nc6 3. d4 cxd4 4. Nxd4 e5 5. Nb5 d6 6. N1c3 a6 7. Na3 b5 8. Nd5
Nge7 9. c4 Nxd5 10. cxd5 Nd4 11. Bd3 Be7 12. O-O O-O 13. Nc2 Nxc2 14. Qxc2 Bd7
15. Be3 Bg5 16. Qd2 Bxe3 17. Qxe3 f5 18. exf5 Bxf5 19. Rac1 Bxd3 20. Qxd3 Rc8
21. Rc6 Rxc6 22. dxc6 d5 23. Qa3 e4 24. Qxa6 e3 25. fxe3 Rxf1+ 26. Kxf1 Qf6+
27. Kg1 Qxb2 28. Qc8+ Kf7 29. Qd7+ Kf8 30. Qxd5 Ke7 31. Qc5+ Ke6 32. c7 Qa1+
33. Kf2 Qf6+ 34. Ke2 Qb2+ 35. Kd3 Qb1+ 36. Qc2 Qf1+ 37. Kc3 Kd7 38. Qd3+ Qxd3+
39. Kxd3 Kxc7 40. Kd4 Kc6 41. e4 1-0

[Event "FIDE WYCC 2016 U14 boys"]
[Site "Khanty Mansiysk"]
[Date "2016.09.26"]
[Round "5.9"]
[White "Teclaf, Pawel"]
[Black "Tarun, V Kanth"]
[Result "1-0"]
[WhiteElo "2342"]
[BlackElo "1954"]
[Annotator "Reinhold Goldau"]
[PlyCount "85"]
[EventDate "2016.09.??"]
[EventType "swiss"]
[EventRounds "11"]
[EventCountry "RUS"]
[SourceTitle "Youth Database"]
[Source "CBase R.Goldau"]
[SourceDate "2000.03.01"]

1. e4 e6 2. d4 d5 3. Nd2 Nf6 4. e5 Nfd7 5. Bd3 c5 6. c3 Nc6 7. Ngf3 f6 8. Qe2
Be7 9. exf6 Nxf6 10. dxc5 Bxc5 11. b4 Bd6 12. b5 Ne7 13. O-O O-O 14. c4 a6 15.
Bb2 axb5 16. cxb5 Nf5 17. Ne5 Qb6 18. Ndf3 Bc5 19. a4 Nd6 20. Nd2 Bb4 21. Nb3
Nfe4 22. Bd4 Qd8 23. f3 Nf6 24. a5 Nf7 25. Nxf7 Rxf7 26. a6 bxa6 27. bxa6 Bd6
28. f4 Qf8 29. a7 Ne8 30. g3 Rb7 31. Qc2 Nf6 32. Rfc1 Bd7 33. Nc5 Rc7 34. Nxd7
Nxd7 35. Qxc7 Bxc7 36. Rxc7 Qb4 37. Bf2 Qd6 38. Rac1 Rxa7 39. Rxa7 d4 40. Rc8+
Nf8 41. Raa8 g6 42. Rxf8+ Kg7 43. Rfd8 1-0

[Event "FIDE WYCC 2016 U14 boys"]
[Site "Khanty Mansiysk"]
[Date "2016.09.26"]
[Round "5.10"]
[White "Zhalmakhanov, Ramazan"]
[Black "Zarubitski, Viachaslau"]
[Result "0-1"]
[WhiteElo "2211"]
[BlackElo "2340"]
[Annotator "Reinhold Goldau"]
[PlyCount "72"]
[EventDate "2016.09.??"]
[EventType "swiss"]
[EventRounds "11"]
[EventCountry "RUS"]
[SourceTitle "Youth Database"]
[Source "CBase R.Goldau"]
[SourceDate "2000.03.01"]

1. e4 c5 2. Nf3 e6 3. d4 cxd4 4. Nxd4 Nc6 5. Nc3 Qc7 6. a3 a6 7. Be3 Nf6 8. f4
d5 9. e5 Nd7 10. Qg4 Nxd4 11. Bxd4 b5 12. Bd3 g6 13. h4 h5 14. Qf3 Bb7 15.
O-O-O Bc5 16. Bxc5 Qxc5 17. Ne2 a5 18. Kb1 Bc6 19. Rhf1 b4 20. Qf2 bxa3 21.
Qxc5 Nxc5 22. bxa3 Ke7 23. Ka2 Rhc8 24. Rb1 Ra7 25. Rb6 Ba4 26. Rfb1 Rac7 27.
R1b2 Nxd3 28. cxd3 Bc2 29. Nc1 a4 30. R6b4 Kf8 31. Ka1 Rc3 32. Ka2 Kg7 33. Rd4
Kf8 34. g3 Kg7 35. Rdb4 Bd1 36. Ne2 Rxd3 0-1

[Event "FIDE WYCC 2016 U14 boys"]
[Site "Khanty Mansiysk"]
[Date "2016.09.26"]
[Round "5.11"]
[White "Shubin, Kirill"]
[Black "Tomasi, Albert"]
[Result "1-0"]
[WhiteElo "2304"]
[BlackElo "2200"]
[Annotator "Reinhold Goldau"]
[PlyCount "87"]
[EventDate "2016.09.??"]
[EventType "swiss"]
[EventRounds "11"]
[EventCountry "RUS"]
[SourceTitle "Youth Database"]
[Source "CBase R.Goldau"]
[SourceDate "2000.03.01"]

1. d4 Nf6 2. c4 c5 3. d5 b5 4. cxb5 a6 5. bxa6 g6 6. Nc3 Bg7 7. e4 O-O 8. Be2
Qa5 9. Bd2 d6 10. a7 Qxa7 11. Nf3 Ba6 12. O-O Nbd7 13. a4 Rfb8 14. Bb5 Bxb5 15.
Nxb5 Qb7 16. Re1 Ne8 17. Rb1 c4 18. Nfd4 Nc5 19. Nc6 Rxa4 20. Nxb8 Qxb8 21. Nc3
Rb4 22. Qc2 Nd3 23. Red1 Nf6 24. b3 Rxb3 25. Rxb3 Qxb3 26. Qxb3 cxb3 27. Rb1 b2
28. f3 Nd7 29. Nd1 N7c5 30. Nf2 f5 31. exf5 gxf5 32. Nd1 Kf7 33. g3 e6 34.
dxe6+ Nxe6 35. Bc3 Bxc3 36. Nxc3 h5 37. Nd1 h4 38. Nxb2 Ndc5 39. Nc4 Ke7 40.
Kf2 Nd4 41. Re1+ Kf6 42. Ne3 Nde6 43. Nd5+ Kf7 44. Ke3 1-0

[Event "FIDE WYCC 2016 U14 boys"]
[Site "Khanty Mansiysk"]
[Date "2016.09.26"]
[Round "5.12"]
[White "Peng, David T"]
[Black "Zhao, Chenxi"]
[Result "1/2-1/2"]
[WhiteElo "2273"]
[BlackElo "2124"]
[Annotator "Reinhold Goldau"]
[PlyCount "62"]
[EventDate "2016.09.??"]
[EventType "swiss"]
[EventRounds "11"]
[EventCountry "RUS"]
[SourceTitle "Youth Database"]
[Source "CBase R.Goldau"]
[SourceDate "2000.03.01"]

1. e4 c5 2. Nf3 e6 3. g3 Nc6 4. Bg2 Nf6 5. d3 d5 6. Qe2 Be7 7. O-O O-O 8. e5
Nd7 9. c4 Nb6 10. b3 a5 11. Bb2 a4 12. Na3 Bd7 13. Rfd1 d4 14. Nc2 Na5 15. b4
cxb4 16. Rab1 a3 17. Ba1 Nc6 18. Rdc1 Na4 19. Nfxd4 Nxd4 20. Nxd4 Rb8 21. Nc2
b5 22. Nxb4 bxc4 23. Rxc4 Qa5 24. Qe1 Nb2 25. Nc6 Qxe1+ 26. Rxe1 Bxc6 27. Rxc6
Nxd3 28. Rd1 Rfd8 29. Bc3 Nb4 30. Rxd8+ Rxd8 31. Bxb4 Bxb4 1/2-1/2

[Event "FIDE WYCC 2016 U14 boys"]
[Site "Khanty Mansiysk"]
[Date "2016.09.26"]
[Round "5.14"]
[White "Peng, Hongchi"]
[Black "Marchuk, Rostislav"]
[Result "1-0"]
[WhiteElo "2241"]
[BlackElo "2054"]
[Annotator "Reinhold Goldau"]
[PlyCount "51"]
[EventDate "2016.09.??"]
[EventType "swiss"]
[EventRounds "11"]
[EventCountry "RUS"]
[SourceTitle "Youth Database"]
[Source "CBase R.Goldau"]
[SourceDate "2000.03.01"]

1. Nf3 Nf6 2. d4 d5 3. c4 e6 4. Nc3 Be7 5. Bf4 O-O 6. e3 a6 7. c5 Nh5 8. Be5 f6
9. Bg3 Nxg3 10. hxg3 c6 11. Bd3 g6 12. Qc2 Kg7 13. O-O-O f5 14. Ne2 a5 15. Nf4
b6 16. Rh2 bxc5 17. Rdh1 h5 18. Ne5 Rf6 19. Nxh5+ gxh5 20. Rxh5 Rf8 21. Rh7+
Kg8 22. Rh8+ Kg7 23. R1h7+ Kf6 24. Rh6+ Kg7 25. Rg6+ Kxh8 26. Qe2 1-0

[Event "FIDE WYCC 2016 U14 boys"]
[Site "Khanty Mansiysk"]
[Date "2016.09.26"]
[Round "5.15"]
[White "Nanayakkara, J A K Saranath"]
[Black "Remizov, Yaroslav"]
[Result "0-1"]
[WhiteElo "1923"]
[BlackElo "2218"]
[Annotator "Reinhold Goldau"]
[PlyCount "84"]
[EventDate "2016.09.??"]
[EventType "swiss"]
[EventRounds "11"]
[EventCountry "RUS"]
[SourceTitle "Youth Database"]
[Source "CBase R.Goldau"]
[SourceDate "2000.03.01"]

1. d4 d5 2. c4 e6 3. Nc3 c6 4. e3 Nf6 5. Nf3 Nbd7 6. Qc2 b6 7. Bd3 Bb7 8. O-O
dxc4 9. Bxc4 c5 10. Qe2 Bd6 11. Rd1 O-O 12. e4 cxd4 13. Nxd4 Qe7 14. Bg5 Be5
15. Rac1 Rac8 16. Ba6 Bxa6 17. Qxa6 Bxh2+ 18. Kxh2 Ng4+ 19. Kg1 Qxg5 20. Nf3
Qh6 21. Qxa7 Nde5 22. Nxe5 Qh2+ 23. Kf1 Nxe5 24. Ne2 Rxc1 25. Rxc1 Nd3 26. Rc3
Qh1+ 27. Ng1 Nf4 28. Qxb6 Qxg2+ 29. Ke1 Qxg1+ 30. Kd2 Qf1 31. Kc2 h5 32. Qe3
Rd8 33. Kb3 Qd1+ 34. Kb4 Nd3+ 35. Kb5 Nxb2 36. Rb3 Qd7+ 37. Kb4 Rb8+ 38. Kc5
Rc8+ 39. Kb4 Qb7+ 40. Ka3 Nc4+ 41. Ka4 Ra8+ 42. Qa7 Rxa7# 0-1

[Event "FIDE WYCC 2016 U14 boys"]
[Site "Khanty Mansiysk"]
[Date "2016.09.26"]
[Round "5.16"]
[White "Piyumantha, M Sasith Nipun"]
[Black "Iniyan, P."]
[Result "0-1"]
[WhiteElo "2017"]
[BlackElo "2368"]
[Annotator "Reinhold Goldau"]
[PlyCount "42"]
[EventDate "2016.09.??"]
[EventType "swiss"]
[EventRounds "11"]
[EventCountry "RUS"]
[SourceTitle "Youth Database"]
[Source "CBase R.Goldau"]
[SourceDate "2000.03.01"]

1. d4 Nf6 2. c4 g6 3. f3 Bg7 4. e4 d6 5. Ne2 O-O 6. Be3 Nbd7 7. Nec3 e5 8. d5
Nh5 9. Qd2 f5 10. exf5 gxf5 11. Na3 a6 12. O-O-O c6 13. Bh6 Qb6 14. Bxg7 Kxg7
15. Rg1 a5 16. g4 Nf4 17. gxf5+ Kh8 18. Ne2 Nxe2+ 19. Bxe2 a4 20. f4 Qf2 21.
Nc2 Nf6 0-1

[Event "FIDE WYCC 2016 U14 boys"]
[Site "Khanty Mansiysk"]
[Date "2016.09.26"]
[Round "5.17"]
[White "Nielsen, Andre"]
[Black "Miyasaka, Marcus M"]
[Result "1/2-1/2"]
[WhiteElo "2025"]
[BlackElo "2269"]
[Annotator "Reinhold Goldau"]
[PlyCount "53"]
[EventDate "2016.09.??"]
[EventType "swiss"]
[EventRounds "11"]
[EventCountry "RUS"]
[SourceTitle "Youth Database"]
[Source "CBase R.Goldau"]
[SourceDate "2000.03.01"]

1. e4 e5 2. Nf3 Nc6 3. Bb5 a6 4. Ba4 Nf6 5. O-O Be7 6. Re1 b5 7. Bb3 d6 8. c3
O-O 9. h3 Na5 10. Bc2 c5 11. d4 Qc7 12. b3 cxd4 13. cxd4 Nc6 14. Bb2 Bb7 15.
Nbd2 Rfd8 16. Rc1 Qb6 17. Nf1 a5 18. Ng3 g6 19. a3 b4 20. a4 Nd7 21. d5 Ncb8
22. Nd2 Ba6 23. Qg4 Nf6 24. Qf3 Nbd7 25. Bd3 Bb7 26. Nc4 Qa7 27. Rcd1 1/2-1/2

[Event "FIDE WYCC 2016 U14 boys"]
[Site "Khanty Mansiysk"]
[Date "2016.09.26"]
[Round "5.18"]
[White "Ivic, Velimir"]
[Black "Oboladze, Luka"]
[Result "0-1"]
[WhiteElo "2264"]
[BlackElo "2083"]
[Annotator "Reinhold Goldau"]
[PlyCount "88"]
[EventDate "2016.09.??"]
[EventType "swiss"]
[EventRounds "11"]
[EventCountry "RUS"]
[SourceTitle "Youth Database"]
[Source "CBase R.Goldau"]
[SourceDate "2000.03.01"]

1. e4 c5 2. Nf3 d6 3. Bb5+ Nd7 4. O-O a6 5. Bxd7+ Bxd7 6. d4 cxd4 7. Qxd4 e5 8.
Qd3 h6 9. c4 b5 10. Nc3 bxc4 11. Qxc4 Nf6 12. Rd1 Be7 13. Nd2 O-O 14. Nf1 Be6
15. Qd3 Qb6 16. Ne3 Rac8 17. b3 Qb7 18. Bb2 Rc6 19. Rd2 Rxc3 20. Bxc3 Nxe4 21.
Rdd1 f5 22. Rac1 Nc5 23. Qf1 f4 24. Nc4 Ne4 25. f3 Qa7+ 26. Bd4 exd4 27. fxe4
f3 28. gxf3 d5 29. exd5 Bxd5 30. Rd3 Qb7 31. Re1 Bh4 32. Red1 Bxf3 33. Rxf3
Rxf3 34. Qg2 Qe4 35. Ne5 Qe3+ 36. Kh1 Rf5 37. Ng4 Qf4 38. Rg1 Kh7 39. Ne3 Rf7
40. Qc6 Kg8 41. Rd1 Bf2 42. Nf1 Qf3+ 43. Qxf3 Rxf3 44. Kg2 Rf6 0-1

[Event "FIDE WYCC 2016 U14 boys"]
[Site "Khanty Mansiysk"]
[Date "2016.09.26"]
[Round "5.19"]
[White "Quirhuayo Chumbe, German Gonza"]
[Black "Ganerdene, Sugar"]
[Result "1-0"]
[WhiteElo "2255"]
[BlackElo "2056"]
[Annotator "Reinhold Goldau"]
[PlyCount "151"]
[EventDate "2016.09.??"]
[EventType "swiss"]
[EventRounds "11"]
[EventCountry "RUS"]
[SourceTitle "Youth Database"]
[Source "CBase R.Goldau"]
[SourceDate "2000.03.01"]

1. e4 c5 2. Nf3 d6 3. d4 cxd4 4. Nxd4 Nf6 5. Nc3 Nc6 6. Bg5 e6 7. Bb5 Bd7 8.
Bxc6 bxc6 9. Qf3 e5 10. Nf5 Bxf5 11. Qxf5 Be7 12. O-O-O O-O 13. Rd3 Qc8 14. Qf3
Qe6 15. Rhd1 Rad8 16. b3 h6 17. Bxf6 Bxf6 18. Kb1 Be7 19. g4 Kh7 20. Qe3 Rd7
21. Qe2 Rfd8 22. Qf3 g6 23. h3 d5 24. Qe2 d4 25. Na4 Ba3 26. h4 Kg7 27. g5 h5
28. Qd2 c5 29. f4 exf4 30. Qxf4 Re8 31. Nc3 Bb4 32. Nd5 Qxe4 33. Qxe4 Rxe4 34.
Nf6 Rde7 35. Nxe4 Rxe4 36. Rh1 Rf4 37. Rdd1 f6 38. gxf6+ Kxf6 39. Rdg1 Rg4 40.
Rf1+ Kg7 41. Rh2 a6 42. Kc1 Ba5 43. Kd1 Bb4 44. Ke2 Rg3 45. Rf3 Rg4 46. Kd3 a5
47. Kc4 Kh6 48. Kb5 Rg1 49. a3 Bxa3 50. Kxa5 Bb4+ 51. Kb5 Rg4 52. Kc6 Kg7 53.
Kd5 Kh6 54. Rf7 Ba3 55. Ke5 Bb2 56. Ke6 Ba3 57. Ra7 Bb4 58. Kf7 Be1 59. Re2
Bxh4 60. Rc7 Bg3 61. Rxc5 Rf4+ 62. Ke6 h4 63. Rc8 Kg5 64. Re5+ Kg4 65. Rg8 h3
66. Rxg6+ Kf3 67. Rh6 Rh4 68. Rf5+ Kg2 69. Rfh5 Re4+ 70. Kd5 Re2 71. Rxh3 Bf2
72. Rh2+ Kf1 73. Rf6 Rxc2 74. Rhxf2+ Rxf2 75. Rxf2+ Kxf2 76. Kxd4 1-0

[Event "FIDE WYCC 2016 U14 boys"]
[Site "Khanty Mansiysk"]
[Date "2016.09.26"]
[Round "5.20"]
[White "Fomin, Maxim"]
[Black "Olsen, Filip Boe"]
[Result "1-0"]
[WhiteElo "1941"]
[BlackElo "2241"]
[Annotator "Reinhold Goldau"]
[PlyCount "119"]
[EventDate "2016.09.??"]
[EventType "swiss"]
[EventRounds "11"]
[EventCountry "RUS"]
[SourceTitle "Youth Database"]
[Source "CBase R.Goldau"]
[SourceDate "2000.03.01"]

1. d4 d5 2. c4 c6 3. cxd5 cxd5 4. Nc3 Nf6 5. Nf3 Nc6 6. Bf4 e6 7. e3 Be7 8. Bd3
O-O 9. O-O Bd7 10. Rc1 Rc8 11. Ne5 a6 12. g4 g6 13. Bh6 Re8 14. f4 b5 15. f5
Bd6 16. Nxf7 Kxf7 17. fxg6+ hxg6 18. g5 Rh8 19. Rxf6+ Qxf6 20. gxf6 Rxh6 21.
Rc2 Rch8 22. Rg2 Bxh2+ 23. Kf2 Kxf6 24. Qg4 Ne7 25. e4 b4 26. Nxd5+ Nxd5 27.
exd5 Ke7 28. Qg5+ Kd6 29. dxe6 Bxe6 30. Qc5+ Kd7 31. Bxa6 Bd6 32. Qb5+ Ke7 33.
Qg5+ Kd7 34. Bb5+ Kc7 35. Bd3 Rh2 36. Be4 R8h4 37. Qa5+ Kd7 38. Qa7+ Kd8 39. b3
Rf4+ 40. Kg1 Rxg2+ 41. Bxg2 g5 42. Qa5+ Kc8 43. Qa8+ Kd7 44. Bc6+ Ke7 45. Qe8+
Kf6 46. Qh8+ Kf7 47. Qe8+ Kf6 48. Qd8+ Be7 49. Qh8+ Kf5 50. Qe5+ Kg6 51. Qxe6+
Bf6 52. Be8+ Kg7 53. Qf7+ Kh8 54. Qh5+ Kg7 55. Qg6+ Kh8 56. Bf7 Bxd4+ 57. Kg2
Rg4+ 58. Kf3 Rf4+ 59. Kg3 Bf2+ 60. Kg2 1-0

[Event "FIDE WYCC 2016 U14 boys"]
[Site "Khanty Mansiysk"]
[Date "2016.09.26"]
[Round "5.21"]
[White "Dolgikh, Evgeniy"]
[Black "Zhou, Junfeng"]
[Result "1/2-1/2"]
[WhiteElo "1904"]
[BlackElo "2125"]
[Annotator "Reinhold Goldau"]
[PlyCount "104"]
[EventDate "2016.09.??"]
[EventType "swiss"]
[EventRounds "11"]
[EventCountry "RUS"]
[SourceTitle "Youth Database"]
[Source "CBase R.Goldau"]
[SourceDate "2000.03.01"]

1. d4 Nf6 2. Nf3 g6 3. c4 Bg7 4. Nc3 d5 5. Bf4 O-O 6. e3 c5 7. dxc5 Qa5 8. Rc1
dxc4 9. Bxc4 Qxc5 10. Bb3 Nc6 11. O-O Qa5 12. h3 Bf5 13. Qe2 e5 14. Bh2 e4 15.
Nd2 Qb4 16. a3 Qe7 17. Nc4 Rfd8 18. Rfd1 Be6 19. Qc2 Bxc4 20. Bxc4 Rac8 21. Nb5
Ne8 22. Bd5 Nd4 23. Qxc8 Rxc8 24. Rxc8 Nxb5 25. Bc4 Be5 26. Bxe5 Qxe5 27. Rd5
Qe6 28. Rdd8 Qf5 29. Bxb5 Qxb5 30. Rxe8+ Kg7 31. Re7 Qe2 32. Rxe4 Qe1+ 33. Kh2
Qxf2 34. Re7 Qxb2 35. Rcc7 Qxa3 36. Rxf7+ Kh6 37. h4 Qd6+ 38. g3 Kh5 39. Rc4
Kh6 40. Rcc7 Kh5 41. Rxb7 a5 42. Rb5+ Kh6 43. e4 Qd2+ 44. Kh3 Qe1 45. Re5 Qh1+
46. Kg4 Qd1+ 47. Kh3 Qh1+ 48. Kg4 Qd1+ 49. Kh3 Qh1+ 50. Kg4 Qd1+ 51. Kh3 Qh1+
52. Kg4 Qd1+ 1/2-1/2

[Event "FIDE WYCC 2016 U14 boys"]
[Site "Khanty Mansiysk"]
[Date "2016.09.26"]
[Round "5.22"]
[White "Piccoli, Lucas Fonseca"]
[Black "Haring, Filip"]
[Result "0-1"]
[WhiteElo "1816"]
[BlackElo "2099"]
[Annotator "Reinhold Goldau"]
[PlyCount "64"]
[EventDate "2016.09.??"]
[EventType "swiss"]
[EventRounds "11"]
[EventCountry "RUS"]
[SourceTitle "Youth Database"]
[Source "CBase R.Goldau"]
[SourceDate "2000.03.01"]

1. Nf3 d5 2. g3 c6 3. Bg2 Bg4 4. c4 e6 5. O-O Nd7 6. cxd5 exd5 7. d4 Ngf6 8.
Nc3 Bd6 9. Bf4 Bxf4 10. gxf4 O-O 11. e3 Ne4 12. Qc2 Bxf3 13. Bxf3 f5 14. Qb3
Nd2 15. Bxd5+ cxd5 16. Qxd5+ Kh8 17. Rfd1 Ne4 18. Nxe4 fxe4 19. Qxe4 Qh4 20.
Rd2 Rae8 21. Qxb7 Nf6 22. Qf3 Ne4 23. Rc2 g5 24. f5 g4 25. Qf4 Qh5 26. Rac1
Rxf5 27. Qc7 Ref8 28. Qe7 g3 29. f4 gxh2+ 30. Kh1 Qf3+ 31. Rg2 Ng3+ 32. Kxh2
Rh5+ 0-1

[Event "FIDE WYCC 2016 U14 boys"]
[Site "Khanty Mansiysk"]
[Date "2016.09.26"]
[Round "5.23"]
[White "Skalsky, Alexandr"]
[Black "Essa, Naseem Ahmed"]
[Result "0-1"]
[WhiteElo "2085"]
[BlackElo "1771"]
[Annotator "Reinhold Goldau"]
[PlyCount "120"]
[EventDate "2016.09.??"]
[EventType "swiss"]
[EventRounds "11"]
[EventCountry "RUS"]
[SourceTitle "Youth Database"]
[Source "CBase R.Goldau"]
[SourceDate "2000.03.01"]

1. e4 e6 2. d4 d5 3. Nc3 Bb4 4. exd5 exd5 5. Bd3 Ne7 6. Qh5 c5 7. Nf3 c4 8. Be2
Bf5 9. Bd1 O-O 10. O-O Nbc6 11. Be3 Bg6 12. Qh3 Qa5 13. Ne2 Bd6 14. Nh4 Qb6 15.
Rb1 Qa6 16. a3 Rfe8 17. f4 f5 18. Ng3 Rf8 19. c3 Rf6 20. Bc2 Raf8 21. Rbe1 b5
22. Bd2 Qc8 23. Rf2 Qc7 24. Ref1 Qd7 25. Nf3 Bc7 26. Re2 Be8 27. Rfe1 Rh6 28.
Nh4 g6 29. Nf1 Nc8 30. Qg3 Nd6 31. Ne3 Ne4 32. Bxe4 fxe4 33. Ng4 Rh5 34. Rf1
Bd8 35. Nxg6 hxg6 36. h3 Bc7 37. Be3 Ne7 38. Qh2 Kg7 39. Nf2 Nf5 40. Bd2 e3 41.
g4 exf2+ 42. Rfxf2 Rh7 43. gxf5 Qxf5 44. Re3 Bd7 45. h4 Bd6 46. Rg3 Rfh8 47.
Rg5 Qf6 48. Rfg2 Bf5 49. h5 Rh6 50. R2g3 Kf7 51. Qg2 Be4 52. Qh3 Rxh5 53. Rxh5
Rxh5 54. Qd7+ Qe7 55. Qxb5 Rh1+ 56. Kf2 Rh2+ 57. Ke1 Rxd2 58. Rh3 Bf5+ 59. Kxd2
Bxf4+ 60. Kd1 Bg4+ 0-1

[Event "FIDE WYCC 2016 U14 boys"]
[Site "Khanty Mansiysk"]
[Date "2016.09.26"]
[Round "5.25"]
[White "Ismagilov, Damir"]
[Black "Juksta, Karolis"]
[Result "1-0"]
[WhiteElo "1927"]
[BlackElo "2046"]
[Annotator "Reinhold Goldau"]
[PlyCount "73"]
[EventDate "2016.09.??"]
[EventType "swiss"]
[EventRounds "11"]
[EventCountry "RUS"]
[SourceTitle "Youth Database"]
[Source "CBase R.Goldau"]
[SourceDate "2000.03.01"]

1. e4 e6 2. d4 d5 3. Nd2 c5 4. Ngf3 cxd4 5. Nxd4 Nf6 6. exd5 Nxd5 7. N2f3 Bb4+
8. Bd2 O-O 9. Bc4 Bxd2+ 10. Qxd2 Nb6 11. Be2 Qe7 12. O-O e5 13. Nb3 e4 14. Nfd4
N8d7 15. Rfe1 a5 16. Nf5 Qf6 17. Ng3 a4 18. Nd4 Qe5 19. a3 Nf6 20. Rad1 Qc5 21.
Bf1 Bg4 22. Be2 Bxe2 23. Qxe2 Rfe8 24. Qb5 Qc7 25. Ndf5 Re5 26. Qe2 Nc4 27. Rd4
Rc8 28. Red1 g6 29. Nd6 Nxd6 30. Rxd6 Kg7 31. R1d2 Qc5 32. Rxf6 e3 33. Rdd6
exf2+ 34. Qxf2 Qc4 35. Rd7 Re1+ 36. Qxe1 Qxc2 37. Rfxf7+ 1-0

[Event "FIDE WYCC 2016 U14 boys"]
[Site "Khanty Mansiysk"]
[Date "2016.09.26"]
[Round "5.26"]
[White "Thilakarathne, G M H."]
[Black "Mochalin, Faddey"]
[Result "1-0"]
[WhiteElo "2028"]
[BlackElo "1912"]
[Annotator "Reinhold Goldau"]
[PlyCount "97"]
[EventDate "2016.09.??"]
[EventType "swiss"]
[EventRounds "11"]
[EventCountry "RUS"]
[SourceTitle "Youth Database"]
[Source "CBase R.Goldau"]
[SourceDate "2000.03.01"]

1. e4 e6 2. d4 d5 3. e5 c5 4. c3 Qb6 5. Nf3 Nc6 6. a3 Bd7 7. b4 cxd4 8. cxd4
Rc8 9. Be3 Nge7 10. Bd3 Nf5 11. O-O Nxe3 12. fxe3 Be7 13. Nbd2 Nb8 14. Qe2 Ba4
15. Rac1 Rxc1 16. Rxc1 O-O 17. Kh1 a6 18. Nf1 Nc6 19. Ng3 Na7 20. Nh5 g6 21.
Nf4 a5 22. h4 axb4 23. axb4 Bb5 24. h5 Kg7 25. Bxb5 Nxb5 26. Nh2 Na3 27. Ng4
Qxb4 28. Rc7 Nc4 29. Kh2 Kh8 30. Qf3 Nd2 31. Qe2 Ne4 32. Nd3 Qa3 33. Ndf2 gxh5
34. Nxe4 hxg4 35. Ng3 Bd8 36. Rxb7 h5 37. Nxh5 Rg8 38. Rxf7 Qc3 39. Kg3 Bg5 40.
Nf6 Bxf6 41. Rxf6 Kg7 42. Kf4 Kh7 43. Qf1 Rg6 44. Qb1 Kh8 45. Qxg6 Qb4 46. Qe8+
Kh7 47. Rf7+ Kh6 48. Qh8+ Kg6 49. Qh7# 1-0

[Event "FIDE WYCC 2016 U14 boys"]
[Site "Khanty Mansiysk"]
[Date "2016.09.26"]
[Round "5.27"]
[White "Salimov, Ruslan"]
[Black "Kizatbay, Abyl"]
[Result "1/2-1/2"]
[WhiteElo "2026"]
[BlackElo "1892"]
[Annotator "Reinhold Goldau"]
[PlyCount "106"]
[EventDate "2016.09.??"]
[EventType "swiss"]
[EventRounds "11"]
[EventCountry "RUS"]
[SourceTitle "Youth Database"]
[Source "CBase R.Goldau"]
[SourceDate "2000.03.01"]

1. e4 c5 2. Nf3 Nc6 3. Bb5 g6 4. O-O Bg7 5. Nc3 Nd4 6. Bc4 e6 7. Re1 Ne7 8. e5
d6 9. exd6 Qxd6 10. Ne4 Qc7 11. Nxd4 cxd4 12. d3 O-O 13. Qf3 Nf5 14. g4 Nd6 15.
Nf6+ Kh8 16. Bg5 Ne8 17. h4 Nxf6 18. Bxf6 Bd7 19. g5 Bc6 20. Bxg7+ Kxg7 21.
Qf6+ Kg8 22. Qxd4 Rad8 23. Qe5 Qxe5 24. Rxe5 Rd4 25. Kh2 Rxh4+ 26. Kg3 Rd4 27.
c3 Rd6 28. d4 h6 29. gxh6 Kh7 30. f3 Kxh6 31. Rh1+ Kg7 32. Rh2 Rdd8 33. Ra5 a6
34. Rc5 Rde8 35. Bb3 Rh8 36. Rxh8 Rxh8 37. Bc2 Rh1 38. Be4 Bxe4 39. fxe4 b5 40.
Rc6 Rb1 41. b3 Rb2 42. Rxa6 Rc2 43. Kf4 Rxc3 44. d5 exd5 45. exd5 Rd3 46. Ke4
Rd2 47. Ra5 g5 48. Rxb5 g4 49. Kf4 Rd4+ 50. Kg3 Kg6 51. Rb8 Kf5 52. a4 Rd3+ 53.
Kf2 Rxd5 1/2-1/2

[Event "FIDE WYCC 2016 U14 boys"]
[Site "Khanty Mansiysk"]
[Date "2016.09.26"]
[Round "5.28"]
[White "Ajigulov, Nurmat"]
[Black "Neelash, Saha"]
[Result "1/2-1/2"]
[WhiteElo "1626"]
[BlackElo "2020"]
[Annotator "Reinhold Goldau"]
[PlyCount "75"]
[EventDate "2016.09.??"]
[EventType "swiss"]
[EventRounds "11"]
[EventCountry "RUS"]
[SourceTitle "Youth Database"]
[Source "CBase R.Goldau"]
[SourceDate "2000.03.01"]

1. d4 e6 2. c4 f5 3. Nf3 Nf6 4. Nc3 d5 5. Bf4 Bd6 6. Be5 c6 7. c5 Bxe5 8. Nxe5
Nbd7 9. Nxd7 Nxd7 10. e3 e5 11. f4 exf4 12. exf4 O-O 13. g3 Re8+ 14. Be2 b6 15.
cxb6 axb6 16. O-O Nf6 17. Qc2 Qd6 18. a3 Ne4 19. Rac1 Qf6 20. Rfd1 Nxc3 21.
bxc3 Rxa3 22. Qb2 Ra7 23. c4 Qd8 24. cxd5 cxd5 25. Bb5 Bd7 26. Bd3 Qf6 27. Re1
Rxe1+ 28. Rxe1 g6 29. Kh1 Qd6 30. Bb5 Be6 31. Qc3 Kf7 32. Rc1 Re7 33. Qb3 Rc7
34. Rxc7+ Qxc7 35. Be2 Qc1+ 36. Kg2 Qe1 37. Kf3 Qa5 38. Qc2 1/2-1/2

[Event "FIDE WYCC 2016 U14 boys"]
[Site "Khanty Mansiysk"]
[Date "2016.09.26"]
[Round "5.29"]
[White "Varbanov, Vladimir"]
[Black "Emanuel, Yahav"]
[Result "0-1"]
[WhiteElo "1794"]
[BlackElo "2014"]
[Annotator "Reinhold Goldau"]
[PlyCount "76"]
[EventDate "2016.09.??"]
[EventType "swiss"]
[EventRounds "11"]
[EventCountry "RUS"]
[SourceTitle "Youth Database"]
[Source "CBase R.Goldau"]
[SourceDate "2000.03.01"]

1. d4 Nf6 2. c4 e6 3. Nc3 Bb4 4. e3 c5 5. Nge2 b6 6. a3 Ba5 7. Rb1 Na6 8. g3
Bb7 9. d5 exd5 10. Bg2 Rb8 11. cxd5 O-O 12. O-O d6 13. e4 Re8 14. Qa4 Bc8 15.
Bg5 Kf8 16. f4 Qd7 17. Qxd7 Bxd7 18. e5 Ng4 19. Ne4 dxe5 20. Nd6 f6 21. Nxe8
Rxe8 22. fxe5 Rxe5 23. Nf4 Rxg5 24. Ne6+ Bxe6 25. dxe6 Ne3 26. Rf4 Nxg2 27.
Kxg2 Re5 28. Rd1 Rxe6 29. Rd8+ Re8 30. Rxe8+ Kxe8 31. Kf3 b5 32. Ke4 Bc7 33.
Rh4 h6 34. Kd5 Kd7 35. Rg4 g5 36. Re4 Bd6 37. Re3 f5 38. Rf3 Nc7# 0-1

[Event "FIDE WYCC 2016 U14 boys"]
[Site "Khanty Mansiysk"]
[Date "2016.09.26"]
[Round "5.30"]
[White "Thybo, Thomas Sondergaard"]
[Black "Vaino, Nikita"]
[Result "0-1"]
[WhiteElo "1971"]
[BlackElo "1781"]
[Annotator "Reinhold Goldau"]
[PlyCount "80"]
[EventDate "2016.09.??"]
[EventType "swiss"]
[EventRounds "11"]
[EventCountry "RUS"]
[SourceTitle "Youth Database"]
[Source "CBase R.Goldau"]
[SourceDate "2000.03.01"]

1. e4 c6 2. d4 d5 3. f3 e6 4. Nc3 Bb4 5. Nge2 dxe4 6. fxe4 Qh4+ 7. Ng3 Nf6 8.
Bd3 Bxc3+ 9. bxc3 O-O 10. Qf3 e5 11. O-O Bg4 12. Qe3 Nbd7 13. h3 Rfe8 14. Bd2
Be6 15. Nf5 Bxf5 16. Be1 exd4 17. cxd4 Qh5 18. g4 Bxg4 19. hxg4 Qxg4+ 20. Kh2
Qh5+ 21. Kg1 Qg6+ 22. Kh1 Nxe4 23. Bh4 Qh5 24. Rf4 f5 25. Bxe4 Rxe4 26. Rxe4
fxe4 27. Qxe4 Nf6 28. Qf4 Nd5 29. Qg5 Qxg5 30. Bxg5 h6 31. Bd2 Re8 32. Re1
Rxe1+ 33. Bxe1 g5 34. Bd2 Kf7 35. Kh2 Ke6 36. Kg3 Kf5 37. Kf3 h5 38. a3 h4 39.
a4 g4+ 40. Kf2 Ke4 0-1